XI Roku 2016 Polskich Piłkarzy (wg Tygodnika "Piłka Nożna") - Statystyki

Ogólne statystyki
  • Ten quiz został rozwiązany 131 razy
  • Średni wynik to 10 z 11
Statystyki odpowiedzi
Pozycja Klub Zawodnik % Poprawnych
N Bayern Robert Lewandowski
100%
ŚPD Sevilla/PSG Grzegorz Krychowiak
99%
BR Swansea Łukasz Fabiański
98%
PO Dortmund Łukasz Piszczek
98%
ŚPO Empoli/Napoli Piotr Zieliński
98%
PS Fiorentina/Wolfsburg Jakub Błaszczykowski
97%
ŚO Torino/Monaco Kamil Glik
97%
ŚO Legia Michał Pazdan
95%
LS Rennes Kamil Grosicki
93%
LO/ŚO Legia/Krasnodar Artur Jędrzejczyk
86%
ŚP Lech/Sampdoria Karol Linetty
84%
Nie znaleziono quizów pasujących do podanych kryteriów
Rozkład punktacji
Procent ludzi z każdym wynikiem
Percentyl według liczby udzielonych odpowiedzi
Twoja historia wyników
Nie rozwiązałeś tego quizu